[Event "2022 Welsh Open "]
[Site "Cardiff"]
[Date "2022.04.17"]
[Round "5"]
[Board "17"]
[White "Kong, Emma Zihan"]
[Black "Peters, Chris"]
[Result "0-1"]
[WhiteElo "1152"]
[BlackElo "1662"]
[PlyCount "120"]
[EventDate "2022.04.15"]
[EventRounds "7"]
[EventCountry "WLS"]

1. d4 Nf6 2. c4 d5 3. Nc3 g6 4. Bf4 Bg7 5. e3 O-O 6. h3 c6 7. Nf3 Be6 8. b3 Nbd7
9. cxd5 Nxd5 10. Nxd5 Bxd5 11. Be2 Qa5+ 12. Qd2 Qxd2+ 13. Kxd2 Rad8 14. Rad1 e5 15.
Bg3 Rfe8 16. Kc1 exd4 17. Rhe1 dxe3 18. Bf1 exf2 19. Rxe8+ Rxe8 20. Bxf2 Bh6+ 21.
Nd2 Nf6 22. Kb2 Bg7 23. Kc1 Bh6 24. Kb2 Bxd2 25. Rxd2 a6 26. g4 Ne4 27. Re2 f5 28.
gxf5 gxf5 29. Re1 Kf7 30. Bh4 Nd2 31. Rxe8 Kxe8 32. Bd3 Be4 33. Be2 Bg2 34. Kc1 Ne4
35. Bd3 Bxh3 36. Bxe4 fxe4 37. Bg5 Kf7 38. Be3 Kf6 39. Kd2 Ke5 40. Kc3 h5 41. Kc4
Kd6 42. Bf4+ Kd7 43. b4 b6 44. Kd4 Bf5 45. Ke5 Bh7 46. Kd4 h4 47. a3 h3 48. Bg3 Ke6
49. Bh2 Bf5 50. Bg1 c5+ 51. bxc5 bxc5+ 52. Ke3 Kd5 53. Kf4 Bd7 54. Kg3 Kc4 55. Be3
Kd5 56. Kh2 c4 57. Kg3 c3 58. Kf2 Kc4 59. Bc1 Kd3 60. Bf4 c2  0-1

[Event "2022 Welsh Open "]
[Site "Cardiff"]
[Date "2022.04.17"]
[Round "5"]
[Board "19"]
[White "Emblem, Mark"]
[Black "Pugh, Noah"]
[Result "1-0"]
[WhiteElo "1428"]
[BlackElo "1450"]
[PlyCount "90"]
[EventDate "2022.04.15"]
[EventRounds "7"]
[EventCountry "WLS"]

1. d4 d5 2. e3 Nf6 3. Nd2 e6 4. Ngf3 c5 5. c3 a6 6. a4 Nc6 7. Bd3 c4 8. Bc2 Bd7 9.
O-O Bd6 10. Re1 Ne4 11. Nxe4 dxe4 12. Bxe4 O-O 13. Bc2 e5 14. d5 Ne7 15. e4 Ng6 16.
Nd2 b5 17. b3 cxb3 18. Bxb3 bxa4 19. Bxa4 Bxa4 20. Rxa4 f5 21. Ba3 fxe4 22. Bxd6
Qxd6 23. Nxe4 Qb6 24. c4 Rac8 25. d6 Rfd8 26. Qd5+ Kh8 27. c5 Rxc5 28. Nxc5 Rxd6
29. Rxa6 Qxa6 30. Nxa6 Rxd5 31. Rc1 h5 32. Nc7 Rd7 33. g3 Kh7 34. Ne6 Re7 35. Ng5+
Kh6 36. h4 Nf8 37. Re1 Nh7 38. Rxe5 Rxe5 39. Nf7+ Kg6 40. Nxe5+ Kf5 41. Nd7 Nf6 42.
Nxf6 Kxf6 43. Kg2 g6 44. Kf3 Kf5 45. Ke3 Kg4  1-0

[Event "2022 Welsh Open "]
[Site "Cardiff"]
[Date "2022.04.17"]
[Round "5"]
[Board "20"]
[White "Hollyman, Mike"]
[Black "Swamy, Anshul"]
[Result "1-0"]
[WhiteElo "1329"]
[BlackElo "1359"]
[PlyCount "89"]
[EventDate "2022.04.15"]
[EventRounds "7"]
[EventCountry "WLS"]

1. c4 e5 2. Nc3 c5 3. g3 Nc6 4. Bg2 Nf6 5. e4 a6 6. Nge2 Be7 7. O-O O-O 8. d3 Ne8
9. f4 d6 10. f5 Rb8 11. g4 Bg5 12. Rf3 h6 13. Rh3 g6 14. Nd5 Ng7 15. Ng3 b5 16. f6
Bxf6 17. Bxh6 bxc4 18. Qf3 Be7 19. Bxg7 Kxg7 20. dxc4 Nd4 21. Qf2 Bxg4 22. Rf1 Bxh3
23. Bxh3 Bh4 24. b3 Qg5 25. Kh1 f5 26. Rg1 Bxg3 27. Rxg3 Qc1+ 28. Rg1 Qc2 29. Qxc2
Nxc2 30. exf5 Nd4 31. Rxg6+ Kh7 32. Nf6+ Kh8 33. Nd7 Kh7 34. Nxb8 Rxb8 35. Rxd6 Re8
36. Kg2 e4 37. Rd7+ Kg8 38. f6 Kf8 39. Re7 Rxe7 40. fxe7+ Kxe7 41. Kf2 Kf6 42. Ke3
Ke5 43. Bg2 Nf5+ 44. Ke2 e3 45. Bh3  1-0

[Event "2022 Welsh Open "]
[Site "Cardiff"]
[Date "2022.04.17"]
[Round "5"]
[Board "21"]
[White "Liyanage, Hasini Pamuditha"]
[Black "Norris, David"]
[Result "1-0"]
[WhiteElo "1117"]
[BlackElo "1554"]
[PlyCount "131"]
[EventDate "2022.04.15"]
[EventRounds "7"]
[EventCountry "WLS"]

1. d4 e6 2. c4 c5 3. e3 cxd4 4. exd4 Bb4+ 5. Nc3 b6 6. Qf3 Qc7 7. Bf4 e5 8. Bxe5
Bb7 9. Bxc7 Bxf3 10. Nxf3 Nf6 11. a3 Bxc3+ 12. bxc3 Nc6 13. Bd3 Rc8 14. Be5 Nxe5
15. dxe5 Nh5 16. g3 b5 17. Rb1 bxc4 18. Bxc4 Ke7 19. Rb4 Rc5 20. O-O Rhc8 21. Bb3
Rxc3 22. Ng5 f6 23. exf6+ Nxf6 24. Re1+ Kf8 25. Ne4 Rc1 26. Rxc1 Rxc1+ 27. Kg2 Nxe4
28. Rxe4 Rc3 29. Rb4 Ke7 30. a4 Rc8 31. Rf4 Kd6 32. Rc4 Rxc4 33. Bxc4 Kc5 34. Be2
d5 35. Kf1 Kb4 36. Bd1 Kc3 37. f4 Kd2 38. Bf3 d4 39. Kf2 Kc3 40. g4 h6 41. h4 d3
42. g5 hxg5 43. fxg5 Kd4 44. Kg3 Ke5 45. Kg4 a5 46. h5 d2 47. h6 gxh6 48. gxh6 Kf6
49. Kh5 Kf7 50. Kg5 Kg8 51. Kf6 Kh7 52. Ke5 Kxh6 53. Kd4 Kg5 54. Ke3 Kf6 55. Kd4
Ke6 56. Kc5 Ke5 57. Kb5 Kd6 58. Kxa5 Kc7 59. Kb5 d1=Q 60. Bxd1 Kb7 61. a5 Ka7 62.
a6 Ka8 63. Ka5 Ka7 64. Kb5 Ka8 65. Kb6 Kb8 66. Bf3  1-0

[Event "2022 Welsh Open "]
[Site "Cardiff"]
[Date "2022.04.17"]
[Round "5"]
[Board "23"]
[White "Fowler, Tansy"]
[Black "Frame, Rob"]
[Result "0-1"]
[WhiteElo "1264"]
[BlackElo "1008"]
[PlyCount "62"]
[EventDate "2022.04.15"]
[EventRounds "7"]
[EventCountry "WLS"]

1. e4 c5 2. Nf3 d6 3. d4 cxd4 4. Nxd4 Nc6 5. Be3 g6 6. Nc3 Bg7 7. Bb5 Bd7 8. Nxc6
bxc6 9. Bd3 Nf6 10. h3 O-O 11. O-O Qc7 12. Re1 e5 13. Qd2 d5 14. exd5 Nxd5 15. Nxd5
cxd5 16. Bh6 Rfe8 17. Bxg7 Kxg7 18. Qc3 Qxc3 19. bxc3 f5 20. Rad1 a5 21. Be2 Bc6
22. c4 d4 23. c5 Rab8 24. Bc4 Rb2 25. Rc1 Kf6 26. c3 Rd8 27. a3 Rd2 28. Rcd1 dxc3
29. Rxd2 cxd2 30. Rb1 d1=Q+ 31. Rxd1 Rxd1+  0-1

[Event "2022 Welsh Open "]
[Site "Cardiff"]
[Date "2022.04.17"]
[Round "5"]
[Board "25"]
[White "Edwards, Jonathan Simon"]
[Black "Beeston, Darson"]
[Result "1-0"]
[WhiteElo "1071"]
[BlackElo "1100"]
[PlyCount "87"]
[EventDate "2022.04.15"]
[EventRounds "7"]
[EventCountry "WLS"]

1. e4 c6 2. Nf3 d5 3. e5 Bf5 4. Nd4 e6 5. d3 h6 6. Be2 Nd7 7. Bf4 Qb6 8. Nxf5 exf5
9. e6 fxe6 10. Bh5+ Kd8 11. O-O Qxb2 12. Nd2 e5 13. Bg3 Ngf6 14. f4 Bc5+ 15. Kh1
e4 16. dxe4 fxe4 17. c4 Bb4 18. Be1 Nxh5 19. Qxh5 Qxa1 20. Bh4+ Nf6 21. Rxa1 Bxd2
22. cxd5 cxd5 23. Qxd5+ Ke8 24. Qxd2 Rd8 25. Qb2 Kf7 26. Qxb7+ Kg6 27. f5+ Kxf5 28.
Rf1+ Ke5 29. Qe7+ Kd4 30. Rd1+ Ke3 31. Rxd8 Rxd8 32. Qxd8 Ng4 33. Kg1 g5 34. Bxg5+
hxg5 35. Qxg5+ Kd3 36. Qxg4 e3 37. Qf3 Kd2 38. Kf1 e2+ 39. Qxe2+ Kc3 40. Qe4 Kb2
41. a4 a5 42. Ke1 Ka3 43. Kd1 Kb2 44. g4  1-0

[Event "2022 Welsh Open "]
[Site "Cardiff"]
[Date "2022.04.18"]
[Round "6"]
[Board "1"]
[White "Espinosa Delgado, Miguel"]
[Black "Havard, Gwyn"]
[Result "1-0"]
[WhiteElo "1878"]
[BlackElo "1916"]
[PlyCount "0"]
[EventDate "2022.04.15"]
[EventRounds "7"]
[EventCountry "WLS"]

1. d4 Nf6 2. c4 e6 3. Nf3 Bb4+ 4. Bd2 Qe7 5. a3 Bxd2+ 6. Nfxd2 d5 7. e3 b6 8. Be2
Bb7 9. Bf3 Nbd7 10. Nc3 c5 11. cxd5 exd5 12. O-O O-O 13. Qb3 Ne4 14. Rad1 Ndf6 15.
Rfe1 Rfd8 16. Ne2 Rac8 17. Nb1 Ba6 18. Nbc3 Bc4 19. Qc2 cxd4 20. Rxd4 Bxe2 21. Bxe2
Nxc3 22. bxc3 Qxa3 23. c4 b5 24. Red1 bxc4 25. Bxc4 Qa5 26. Qd3 g6 27. e4 Nxe4 28.
Bxd5 Nc3 29. Bxf7+ Kg7 30. Rxd8 Nxd1 31. Rxc8  1-0

[Event "2022 Welsh Open "]
[Site "Cardiff"]
[Date "2022.04.18"]
[Round "6"]
[Board "2"]
[White "Bevan, Peter M"]
[Black "Vlkova, Anezka"]
[Result "0-1"]
[WhiteElo "1855"]
[BlackElo "1938"]
[PlyCount "0"]
[EventDate "2022.04.15"]
[EventRounds "7"]
[EventCountry "WLS"]

1. d4 d5 2. c4 e6 3. Nc3 Nf6 4. Bg5 Be7 5. Nf3 O-O 6. e3 h6 7. Bxf6 Bxf6 8. b4 a5
9. b5 c5 10. Rc1 cxd4 11. exd4 dxc4 12. Bxc4 Nd7 13. O-O Nb6 14. Bb3 Qe7 15. Na4
Qd6 16. Nxb6 Qxb6 17. Qd3 Rd8 18. Rfd1 a4 19. Bc2 g6 20. Qe3 Kg7 21. Rb1 Rd5 22.
Rb4 Rxb5 23. Rxa4 Rxa4 24. Bxa4 Rb1 25. Bb3 Rxd1+ 26. Bxd1 Qb1 27. Qd2 Bd7 28. Ne1
Qa1 29. d5 exd5 30. Qxd5 Ba4   0-1

[Event "2022 Welsh Open "]
[Site "Cardiff"]
[Date "2022.04.18"]
[Round "6"]
[Board "3"]
[White "Fowler, Hugo"]
[Black "Guy, David"]
[Result "1-0"]
[WhiteElo "1840"]
[BlackElo "1870"]
[PlyCount "0"]
[EventDate "2022.04.15"]
[EventRounds "7"]
[EventCountry "WLS"]

1. e4 e5 2. Nf3 Nc6 3. Bc4 Bc5 4. c3 d6 5. d4 exd4 6. cxd4 Bb6 7. h3 h6 8. O-O Nge7
9. Nc3 O-O 10. Re1 Na5 11. Bf1 d5 12. e5 Bf5 13. Nh4 Bh7 14. f4 Nac6 15. Be3 Nf5
16. Nxf5 Bxf5 17. g4 Bh7 18. f5 Re8 19. Na4 Ba5 20. Re2 Ne7 21. Rf2 c6 22. Qf3 Rf8
23. h4 Bb6 24. h5 Kh8 25. b4 Qd7 26. Be2 Rae8 27. Raf1 Ng8 28. Qg3 Qe7 29. a3 Nf6
30. Bd3 Ng8 31. Rc1 Bc7 32. Qf3 a6 33. Nc5 Bd8 34. Rfc2 g5 35. Bf2 f6 36. e6  1-0

[Event "2022 Welsh Open "]
[Site "Cardiff"]
[Date "2022.04.18"]
[Round "6"]
[Board "4"]
[White "Beeston, Darson"]
[Black "Williams, Stephen"]
[Result "0-1"]
[WhiteElo "1100"]
[BlackElo "1570"]
[PlyCount "0"]
[EventDate "2022.04.15"]
[EventRounds "7"]
[EventCountry "WLS"]

1. d4 d5 2. c4 e6 3. Nc3 Nf6 4. Nf3 Nbd7 5. Bg5 c6 6. e3 Be7 7. h3 O-O 8. Bd3 h6
9. Bf4 Re8 10. Ne5 dxc4 11. Nxc4 Nd5 12. Nxd5 exd5 13. Nd6 Bxd6 14. Bxd6 Nf6 15.
Bb4 Ne4 16. Qe2 Qg5 17. O-O Bxh3 18. Qf3 Bg4 19. Qf4 Qxf4 20. exf4 Bf5 21. Rfe1 Bd7
22. Re2 Nf6 23. Rae1 Rxe2 24. Rxe2 Re8 25. Re7 Rxe7 26. Bxe7 Ne4 27. Kf1 f6 28. Ke2
Kf7 29. Bb4 f5 30. Ke3 b6 31. f3 Nf6 32. Bd6 g5 33. fxg5 hxg5 34. g3 g4 35. fxg4
Nxg4+ 36. Kf4 Kg6 37. Bb8 a6 38. Bxa6 b5 39. Bb7 Kf6 40. Bd6 Nf2 41. Be5+ Ke6 42.
b3 Nd3+ 43. Ke3 Nxe5 44. dxe5 Kxe5 45. a4 bxa4 46. bxa4 Kd6 47. a5 Kc7 48. a6 Kb6
49. Kd4 Be6 50. Bxc6 Kxc6 51. a7 Kb7 52. Ke5 Bg8 53. Kxf5 Kxa7 54. Ke5 Kb7 55. Kd4
Kc6 56. g4 Kd6 57. g5 Ke6 58. g6 Kf6 59. g7 Kxg7 60. Ke5 Kg6 61. Kd4 Kf5 62. Kd3
Ke5 63. Ke3 d4+ 64. Kd3 Bh7+ 65. Kd2 d3 66. Ke3 Kd5 67. Kd2 Kc4 68. Kd1 Kc3 69. Kc1
d2+ 70. Kd1 Bc2+ 71. Ke2 d1=Q+ 72. Ke3 Qd4 73. Ke2 Qe4+ 74. Kf2 Qf4+ 75. Ke2 Bd3+
 0-1

[Event "2022 Welsh Open "]
[Site "Cardiff"]
[Date "2022.04.18"]
[Round "6"]
[Board "5"]
[White "Smith, Chris P"]
[Black "Van Veelen, Thomas"]
[Result "0-1"]
[WhiteElo "1454"]
[BlackElo "1998"]
[PlyCount "0"]
[EventDate "2022.04.15"]
[EventRounds "7"]
[EventCountry "WLS"]

1. d4 d5 2. c4 c6 3. Nf3 Nf6 4. Nc3 e6 5. Bg5 h6 6. Bh4 dxc4 7. e4 g5 8. Bg3 b5 9.
Be2 Bb7 10. O-O Nbd7 11. Ne5 h5 12. Nxd7 Qxd7 13. Be5 Bg7 14. Bxf6 Bxf6 15. e5 Be7
16. Bxh5 O-O-O 17. Bxf7 Bb4 18. Bh5 c5 19. dxc5 Qc6 20. Qg4 Bxc3 21. bxc3 Rxh5 22.
Rfe1 Rdh8 23. h3 Rxh3 24. gxh3 Qh1#  0-1

[Event "2022 Welsh Open "]
[Site "Cardiff"]
[Date "2022.04.18"]
[Round "6"]
[Board "6"]
[White "Jukes, Sam"]
[Black "May, Adam J"]
[Result "1-0"]
[WhiteElo "1850"]
[BlackElo "1950"]
[PlyCount "0"]
[EventDate "2022.04.15"]
[EventRounds "7"]
[EventCountry "WLS"]

1. e4 c6 2. d4 d5 3. Nc3 dxe4 4. Nxe4 Nf6 5. Nxf6+ exf6 6. Bc4 Bd6 7. Ne2 O-O 8.
O-O Qc7 9. g3 Re8 10. Nf4 Nd7 11. Bxf7+ Kxf7 12. Qh5+ Kf8 13. Qxh7 Bxf4 14. Bxf4
Ne5 15. dxe5 fxe5 16. Qh8+ Kf7 17. Qh5+ Kf8 18. Rfe1 Be6 19. Bxe5 Qf7 20. Qh8+ Qg8
21. Bxg7+  1-0

[Event "2022 Welsh Open "]
[Site "Cardiff"]
[Date "2022.04.18"]
[Round "6"]
[Board "7"]
[White "Thomas, Mark"]
[Black "Taylor, Robert Graham"]
[Result "1/2-1/2"]
[WhiteElo "1919"]
[BlackElo "1805"]
[PlyCount "0"]
[EventDate "2022.04.15"]
[EventRounds "7"]
[EventCountry "WLS"]

1. e4 Nf6 2. e5 Nd5 3. d4 d6 4. Nf3 Bg4 5. Be2 e6 6. O-O Be7 7. c4 Nb6 8. Nc3 O-O
9. Be3 Nc6 10. b3 dxe5 11. Nxe5 Bxe2 12. Nxc6 Bxd1 13. Nxd8 Bxb3 14. axb3 Bxd8 15.
Rfe1 c6 16. Ne4 Nd7 17. f3 Be7 18. Re2 h6 19. Rea2 a6 20. Rd1 f5 21. Nc3 Bf6 22.
Ne2 Kf7 23. f4 Be7 24. Nc1 Nf6 25. h3 Ne4 26. Rc2 Rad8 27. Nd3 Bf6 28. Ne5+ Bxe5
29. fxe5 g5 30. d5 Kg6 31. Bb6 Rd7 32. d6 h5 33. Re1 h4 34. b4 Rc8 35. Rec1 f4 36.
b5 axb5 37. cxb5 Kf5 38. bxc6 bxc6 39. Re1 c5 40. Bc7 Ra8 41. Rc4 Ng3 42. Rxc5 Ra2
43. Rb5 Ne2+ 44. Kf1 Ng3+ 45. Kg1 Ne2+  1/2-1/2

[Event "2022 Welsh Open "]
[Site "Cardiff"]
[Date "2022.04.18"]
[Round "6"]
[Board "8"]
[White "Bridges, Paul"]
[Black "McGhee, David"]
[Result "1-0"]
[WhiteElo "1768"]
[BlackElo "1529"]
[PlyCount "0"]
[EventDate "2022.04.15"]
[EventRounds "7"]
[EventCountry "WLS"]

1. e4 c5 2. Nc3 d6 3. f4 Nc6 4. Nf3 Nf6 5. d3 e6 6. g3 Be7 7. Bg2 O-O 8. O-O a6 9.
a4 Qc7 10. Qe2 b6 11. Bd2 Bb7 12. Nd1 b5 13. axb5 axb5 14. Nf2 Nd7 15. c3 b4 16.
Rfc1 b3 17. Qd1 Qb6 18. Be3 Ra2 19. Rxa2 bxa2 20. Qc2 Ra8 21. Ra1 g6 22. Nd2 Ra5
23. Nc4 Qb5 24. Nxa5 Nxa5 25. Rxa2 d5 26. Qa4 Qxa4 27. Rxa4 Bd8 28. exd5 exd5 29.
c4 Bc6 30. Ra2 d4 31. Bd2 Bxg2 32. Kxg2 Nc6 33. Ra6 Ncb8 34. Ra8 f5 35. b4 cxb4 36.
Bxb4 Kf7 37. Bd6 Nc6 38. Rc8   1-0

[Event "2022 Welsh Open "]
[Site "Cardiff"]
[Date "2022.04.18"]
[Round "6"]
[Board "9"]
[White "Fowler, Caspian"]
[Black "Di-Vetta, Andrew"]
[Result "0-1"]
[WhiteElo "1475"]
[BlackElo "1726"]
[PlyCount "0"]
[EventDate "2022.04.15"]
[EventRounds "7"]
[EventCountry "WLS"]

1. e4 c5 2. c3 Nf6 3. e5 Nd5 4. d4 e6 5. Nf3 cxd4 6. cxd4 Bb4+ 7. Bd2 Qb6 8. Bxb4
Qxb4+ 9. Qd2 Nc6 10. Be2 O-O 11. O-O f6 12. a3 Qxd2 13. Nbxd2 fxe5 14. dxe5 Nf4 15.
Rfe1 d5 16. exd6 Rf5 17. Bc4 b5 18. Ba2 a5 19. g3 Nd5 20. Rac1 Bd7 21. Rc5 Raf8 22.
g4 Rxf3 23. Nxf3 Rxf3 24. Bxd5 exd5 25. Rxd5 Rf6 26. Rc1 Nd8 27. h3 Bc6 28. Rd3 Kf8
29. Re1 Re6 30. Red1 Bd7 31. f4 Re2 32. b3 g6 33. Kf1 Re4 34. Rf3 Ne6 35. Kg1 Nd4
36. Rfd3 Ne2+ 37. Kh2 Nxf4 38. Rf3 Re2+ 39. Kg3 g5 40. Rc3 Kf7 41. Rc5 Re3+ 42. Kf2
Rxb3 43. Rc7 Ke6 44. Ra7 Nxh3+ 45. Kf1 Re3 46. Rxa5 Nf4 47. Ra8 Nd5 48. Rg8 Re5 49.
Kf2 Kxd6 50. Kg3 Ke6 51. Rh1 Nf6 52. Rf8 Ke7 53. Ra8 Re4 54. Ra7 Rxg4+ 55. Kf3 Rf4+
56. Ke3 h5  0-1

[Event "2022 Welsh Open "]
[Site "Cardiff"]
[Date "2022.04.18"]
[Round "6"]
[Board "12"]
[White "Morgans, Justin"]
[Black "Chong, Kimberly"]
[Result "1/2-1/2"]
[WhiteElo "1618"]
[BlackElo "1765"]
[PlyCount "0"]
[EventDate "2022.04.15"]
[EventRounds "7"]
[EventCountry "WLS"]

1. d4 d5 2. Nf3 e6 3. e3 Nf6 4. Bd3 c5 5. c3 c4 6. Bc2 b5 7. Nbd2 Bb7 8. O-O Bd6
9. Ne5 O-O 10. f4 Ne4 11. Qf3 f5 12. Qe2 Nc6 13. Ndf3 Be7 14. Nxc6 Bxc6 15. Ne5 Be8
16. Bxe4 fxe4 17. Bd2 a5 18. g4 b4 19. Rf2 bxc3 20. Bxc3 Bb4 21. Raf1 Ra6 22. g5
Rb6 23. Qg4 Rf5 24. h4 Qb8 25. Rg2 Bxc3 26. bxc3 Rb1 27. Qe2 a4 28. Qc2 Rxf1+ 29.
Kxf1 Qb6 30. Qb2 Qa5 31. a3 Rf8 32. Qb4 Qxb4 33. axb4 Kh8 34. Rb2 Bb5 35. Ra2 g6
36. Kf2 Kg7 37. Ra3 h6 38. Ng4 hxg5 39. hxg5 Bd7 40. Ne5 Bb5 41. Kg2 Rh8 42. Ra2
Rh4 43. Ra3 Be8 44. Ra2 Rh7 45. Ra3 Kf8 46. Ra1 Rb7 47. Kf2 Rh7 48. Kg2 Ra7 49. Ra3
Ke7 50. Kg3 Kd6 51. Kg2 Kc7 52. Ng4 Kb6 53. Ne5 Kb5 54. Kg3 Rh7 55. Kg2 Rh4 56. Ra1
  1/2-1/2

[Event "2022 Welsh Open "]
[Site "Cardiff"]
[Date "2022.04.18"]
[Round "6"]
[Board "13"]
[White "Dixon, Chris"]
[Black "Hurn, Robert Aj"]
[Result "1/2-1/2"]
[WhiteElo "1735"]
[BlackElo "1609"]
[PlyCount "0"]
[EventDate "2022.04.15"]
[EventRounds "7"]
[EventCountry "WLS"]

1. d4 Nf6 2. Nc3 d5 3. Bf4 c6 4. e3 g6 5. Nf3 Qb6 6. Rb1 Nh5 7. Be5 f6 8. Bxb8 Rxb8
9. Be2 Ng7 10. O-O Be6 11. a3 Qc7 12. e4 dxe4 13. Nxe4 Rd8 14. Nc3 Bf7 15. Bd3 e6
16. Re1 Be7 17. Qe2 O-O  1/2-1/2

[Event "2022 Welsh Open "]
[Site "Cardiff"]
[Date "2022.04.18"]
[Round "6"]
[Board "15"]
[White "Peters, Chris"]
[Black "Probert, Malcolm"]
[Result "1/2-1/2"]
[WhiteElo "1662"]
[BlackElo "1575"]
[PlyCount "67"]
[EventDate "2022.04.15"]
[EventRounds "7"]
[EventCountry "WLS"]

1. e4 c6 2. d4 d5 3. e5 Na6 4. Nf3 Nc7 5. Bg5 g6 6. Be2 Bg7 7. Nbd2 Nh6 8. O-O Bg4
9. h3 Bxf3 10. Nxf3 Ne6 11. a4 a5 12. Ra3 Nxg5 13. Nxg5 e6 14. f4 Nf5 15. Rb3 h6
16. Nf3 Bf8 17. g4 Ng3 18. Rf2 Nxe2+ 19. Qxe2 Rb8 20. Nh2 Bb4 21. Rbf3 Kd7 22. c4
b6 23. cxd5 cxd5 24. Qb5+ Kc7 25. Qa6 Ra8 26. Rc2+ Kb8 27. Qb5 Ka7 28. Rf1 Rc8 29.
Rfc1 Rxc2 30. Rxc2 Re8 31. Nf1 Re7 32. Qc6 Kb8 33. Ne3 Rb7 34. Ng2  1/2-1/2

[Event "2022 Welsh Open "]
[Site "Cardiff"]
[Date "2022.04.18"]
[Round "6"]
[Board "16"]
[White "Larg, Richard"]
[Black "Wu, Yuxuan"]
[Result "0-1"]
[WhiteElo "1645"]
[BlackElo "1303"]
[PlyCount "44"]
[EventDate "2022.04.15"]
[EventRounds "7"]
[EventCountry "WLS"]

1. d4 Nf6 2. c4 e6 3. Bg5 c5 4. e3 Be7 5. Nc3 O-O 6. Nf3 h6 7. Bh4 b6 8. Be2 Bb7
9. O-O d5 10. cxd5 Nxd5 11. Bxe7 Qxe7 12. Nxd5 Bxd5 13. dxc5 bxc5 14. b3 Rd8 15.
Qc1 Nd7 16. Nd2 Rac8 17. Bf3 Ne5 18. Bxd5 exd5 19. f4 Nd3 20. Qb1 Qxe3+ 21. Kh1 Qxd2
22. Qd1 Nf2+  0-1

[Event "2022 Welsh Open "]
[Site "Cardiff"]
[Date "2022.04.18"]
[Round "6"]
[Board "17"]
[White "Parri, Deio"]
[Black "Emblem, Mark"]
[Result "1/2-1/2"]
[WhiteElo "1635"]
[BlackElo "1428"]
[PlyCount "32"]
[EventDate "2022.04.15"]
[EventRounds "7"]
[EventCountry "WLS"]

1. d4 Nf6 2. c4 b6 3. Nc3 e6 4. Nf3 Bb7 5. Bg5 Be7 6. e3 d6 7. Bd3 O-O 8. O-O Nbd7
9. Qc2 g6 10. Rad1 c5 11. e4 Nh5 12. Bh6 Re8 13. d5 Bf6 14. Ne2 e5 15. Ng3 Nf4 16.
Ne2 Nh5  1/2-1/2

[Event "2022 Welsh Open "]
[Site "Cardiff"]
[Date "2022.04.18"]
[Round "6"]
[Board "19"]
[White "Westcott, Dale"]
[Black "Binesmael, Mohamed"]
[Result "0-1"]
[WhiteElo "1250"]
[BlackElo "1642"]
[PlyCount "82"]
[EventDate "2022.04.15"]
[EventRounds "7"]
[EventCountry "WLS"]

1. d4 Nf6 2. Nf3 e6 3. g3 b6 4. Bg2 Bb7 5. O-O h6 6. c4 g5 7. Nc3 g4 8. Nd2 Bxg2
9. Kxg2 h5 10. Nde4 h4 11. Bg5 Be7 12. Bxh4 Nxe4 13. Bxe7 Nxc3 14. Bxd8 Nxd1 15.
Bf6 Rh6 16. Be5 Nxb2 17. Rac1 d6 18. Bf4 Rh7 19. Rc2 Na4 20. Rfc1 Nd7 21. e4 O-O-O
22. e5 dxe5 23. dxe5 Nac5 24. Rd2 Rdh8 25. Rh1 Rh5 26. a4 Nxe5 27. Bxe5 Rxe5 28.
Rd4 a5 29. Rxg4 Nxa4 30. Rd1 Rd8 31. Rc1 Rd2 32. c5 Nxc5 33. h4 Ree2 34. Rf1 e5 35.
h5 Nd3 36. Rg8+ Kb7 37. Kf3 f5 38. g4 fxg4+ 39. Rxg4 Nxf2 40. Rg2 e4+ 41. Kg3 Nh1+
 0-1

[Event "2022 Welsh Open "]
[Site "Cardiff"]
[Date "2022.04.18"]
[Round "6"]
[Board "20"]
[White "Sipho, Donovan"]
[Black "Hollyman, Mike"]
[Result "0-1"]
[WhiteElo "1638"]
[BlackElo "1329"]
[PlyCount "76"]
[EventDate "2022.04.15"]
[EventRounds "7"]
[EventCountry "WLS"]

1. d4 Nf6 2. c4 c5 3. d5 b5 4. cxb5 a6 5. e3 Bb7 6. bxa6 Nxa6 7. Nc3 Qa5 8. Bc4 e6
9. Bd2 Nb4 10. e4 Ba6 11. Bxa6 Qxa6 12. Bc1 Nd3+ 13. Kf1 Nxc1+ 14. Nge2 Nxe2 15.
Qxe2 Qxe2+ 16. Kxe2 Be7 17. dxe6 dxe6 18. a4 O-O 19. f3 Rfb8 20. Rhb1 Nd7 21. f4
Rb4 22. Kd3 Bf6 23. e5 Be7 24. b3 f6 25. Nb5 fxe5 26. Nc7 Rab8 27. Nxe6 c4+ 28. Ke4
c3+ 29. Kd3 Nc5+ 30. Nxc5 Bxc5 31. fxe5 Bd4 32. Ra2 Bxe5 33. h3 Rxb3 34. Rxb3 Rxb3
35. a5 Rb2 36. Ra4 Rd2+ 37. Ke4 c2 38. Rc4 Rd4+  0-1

[Event "2022 Welsh Open "]
[Site "Cardiff"]
[Date "2022.04.18"]
[Round "6"]
[Board "21"]
[White "Chung, Ethan Cheung Jing"]
[Black "Kong, Emma Zihan"]
[Result "1-0"]
[WhiteElo "1554"]
[BlackElo "1152"]
[PlyCount "33"]
[EventDate "2022.04.15"]
[EventRounds "7"]
[EventCountry "WLS"]

1. d4 d5 2. c4 c6 3. Nc3 Bf5 4. Qb3 b6 5. cxd5 Nf6 6. e4 Nxe4 7. dxc6 Qxd4 8. Be3
Qd6 9. Rd1 Qf6 10. c7 Nc6 11. Bb5 Nxc3 12. bxc3 Rc8 13. Qd5 e5 14. Bxc6+ Ke7 15.
Qd8+ Rxd8 16. cxd8=Q+ Ke6 17. Bd7#  1-0

[Event "2022 Welsh Open "]
[Site "Cardiff"]
[Date "2022.04.18"]
[Round "6"]
[Board "24"]
[White "Owen, Bob"]
[Black "Liyanage, Hasini Pamuditha"]
[Result "1-0"]
[WhiteElo "1320"]
[BlackElo "1117"]
[PlyCount "53"]
[EventDate "2022.04.15"]
[EventRounds "7"]
[EventCountry "WLS"]

1. d4 Nf6 2. e3 g6 3. Nf3 Bg7 4. Bd3 d6 5. c3 O-O 6. Nbd2 Nbd7 7. O-O Re8 8. Re1
e5 9. Bb1 e4 10. Ng5 d5 11. Nh3 Nb6 12. Nf4 Bg4 13. Qb3 g5 14. Ne2 Bxe2 15. Rxe2
h5 16. Qd1 Qd6 17. f4 gxf4 18. exf4 e3 19. Nf1 Qxf4 20. Qd3 Re4 21. Bxe3 Qd6 22.
g3 Nc4 23. a3 Nxe3 24. Nxe3 Re7 25. Nf5 Rxe2 26. Nxd6 Re1+ 27. Kf2  1-0

[Event "2022 Welsh Open "]
[Site "Cardiff"]
[Date "2022.04.18"]
[Round "6"]
[Board "26"]
[White "Swamy, Anshul"]
[Black "Edwards, Jonathan Simon"]
[Result "1-0"]
[WhiteElo "1359"]
[BlackElo "1071"]
[PlyCount "41"]
[EventDate "2022.04.15"]
[EventRounds "7"]
[EventCountry "WLS"]

1. e4 e5 2. Nf3 Nc6 3. Nc3 Nf6 4. d4 exd4 5. Nxd4 Ne5 6. f4 Ng6 7. e5 Qe7 8. Qe2
c5 9. exf6 Qxe2+ 10. Ndxe2 gxf6 11. Nd5 Kd8 12. Nxf6 Bg7 13. Ne4 Re8 14. Nd6 Re7
15. Nf5 Re4 16. Nxg7 d5 17. Bd2 Bg4 18. h3 Bxe2 19. Bxe2 Kd7 20. Nh5 f5 21. Nf6+
 1-0

[Event "2022 Welsh Open "]
[Site "Cardiff"]
[Date "2022.04.18"]
[Round "6"]
[Board "27"]
[White "Norris, David"]
[Black "Fowler, Tansy"]
[Result "1-0"]
[WhiteElo "1554"]
[BlackElo "1264"]
[PlyCount "41"]
[EventDate "2022.04.15"]
[EventRounds "7"]
[EventCountry "WLS"]

1. e4 e5 2. f4 f6 3. Bc4 Ne7 4. Nf3 Nbc6 5. fxe5 fxe5 6. O-O d6 7. Ng5 d5 8. exd5
Nxd5 9. Qf3 Qd7 10. Bxd5 Bc5+ 11. Kh1 Rf8 12. Bf7+ Ke7 13. Nc3 Nd4 14. Qe4 Ne6 15.
Qh4 h6 16. Nxe6+ g5 17. Nxf8 Kxf8 18. Qxh6+ Ke7 19. Qf6+ Kf8 20. Be6+ Qf7 21. Qxf7#
 1-0

[Event "2022 Welsh Open "]
[Site "Cardiff"]
[Date "2022.04.18"]
[Round "7"]
[Board "1"]
[White "Vlkova, Anezka"]
[Black "Fowler, Hugo"]
[Result "0-1"]
[WhiteElo "1938"]
[BlackElo "1840"]
[PlyCount "0"]
[EventDate "2022.04.15"]
[EventRounds "7"]
[EventCountry "WLS"]

1. e4 e5 2. Nf3 Nc6 3. Bc4 Bc5 4. d3 Nf6 5. O-O d6 6. c3 a6 7. Bb3 Ba7 8. Nbd2 O-O
9. Re1 Ng4 10. Re2 Kh8 11. h3 Nh6 12. Nf1 f5 13. N1h2 f4 14. d4 Qf6 15. dxe5 dxe5
16. a4 g5 17. Rd2 g4 18. hxg4 Nxg4 19. Bd5 h5 20. Kf1 Rd8 21. b4 Ne7 22. Bb2 Ng6
23. c4 c6 24. c5 cxd5 25. Rxd5 Rxd5 26. Qxd5 Nxh2+ 27. Nxh2 Bb8 28. Nf3 Bc7 29. Bc3
Rb8 30. b5 Be6 31. Qd3 Rd8 32. Qe2 axb5 33. axb5 b6 34. c6 Bg4 35. Ra7 Qd6 36. Kg1
Bb8 37. Rb7 Bc7 38. Kh2 Kg7 39. Qb2 Bxf3 40. gxf3 Rc8 41. Qa1 Kh6 42. Qf1 Qe6 43.
Qd1 Rd8 44. Qb1 Nh4 45. Qh1 Rd3 46. Qf1 Nxf3+ 47. Kh1 Rd1   0-1